000 00729nam a2200181Ia 4500
008 090124s9999 xx 000 0 und d
082 _b12669
100 _aअय्यंगार व्ही. आर.
245 _a चलन फुगवता व आर्थिक विकास
250 _a0
260 _b"ज्ञानविज्ञान प्रकाशन, ठाणे"
_c1974
300 _a20
600 _aअय्यंगार व्ही. आर.
630 _a चलन फुगवता व आर्थिक विकास
700 _aअय्यंगार व्ही. आर.
730 _a चलन फुगवता व आर्थिक विकास
942 _cBOOK
999 _c87167
_d87167